Normal view
MARC view
- project report
Entry Topical Term
001 - CONTROL NUMBER
- control field: 2985
003 - CONTROL NUMBER IDENTIFIER
- control field: OSt
005 - DATE AND TIME OF LATEST TRANSACTION
- control field: 20180303122309.0
008 - FIXED-LENGTH DATA ELEMENTS
- fixed length control field: 180303|| aca||aabn | a|a d
040 ## - CATALOGING SOURCE
- Original cataloging agency: OSt
- Transcribing agency: OSt
150 ## - HEADING--TOPICAL TERM
- Topical term or geographic name as entry element: project report
670 ## - SOURCE DATA FOUND
- Source citation: Work cat.: (OSt): ABDULLA HASHIM, P. A 2984, Design fabrication and testing of a solar cabinet drier for spices, 1991
